An introduction to management science : quantitative approaches to decision making /

This book is about: An introduction to linear programming; Linear programming; Network models; Decision analysis; Dynamic programming; ...

Αποθηκεύτηκε σε:
Λεπτομέρειες βιβλιογραφικής εγγραφής
Κύριος συγγραφέας: Anderson, David R.
Άλλοι συγγραφείς: Williams, Thomas A., Sweeney, Dennis J.
Μορφή: Βιβλίο
Γλώσσα:English
Έκδοση: Cincinnati, OH : South-Western College, 2000.
Έκδοση:9th ed.
Θέματα:
Ετικέτες: Προσθήκη ετικέτας
Δεν υπάρχουν, Καταχωρήστε ετικέτα πρώτοι!
Thư viện lưu trữ: Mạng thư viện Đại học Đà Nẵng
LEADER 01145cam a2200361 i 4500
001 000049395
003 9140
005 20051111143406.0
008 010321b2000 vm 000 eng
020 |a 0324003218 
040 |a IRC  |c IRC  |d IRC 
041 0 |a eng 
082 1 4 |a 658.4  |b AN-D 
100 1 |a Anderson, David R. 
245 0 3 |a An introduction to management science :  |b quantitative approaches to decision making /  |c David R. Anderson, Dennis J. Sweeney, Thomas A. Williams. 
250 |a 9th ed. 
260 |a Cincinnati, OH :  |b South-Western College,  |c 2000. 
300 |a xx, 848, 52 p. :  |b ill. ;  |c 25.5cm. 
520 3 |a This book is about: An introduction to linear programming; Linear programming; Network models; Decision analysis; Dynamic programming; ... 
630 0 4 |a Management. 
650 0 4 |a Management science. 
700 1 |a Williams, Thomas A. 
700 1 |a Sweeney, Dennis J. 
OWN |a DUT 
999 |a From the UDN01 
TYP |a Monograph 
TYP |a Printed language 
980 |a Mạng thư viện Đại học Đà Nẵng